Estadísticas para Países más Septentrionales A-Z

Haz click aquí para intentar la prueba.

Estadísticas generales

  • Esta prueba ha sido intentada 3.146 veces
  • La puntuación promedio es 18 de 23

Estadísticas de respuestas

LetraPaís% Correcto
CCanadá
96%
RRusia
95%
DDinamarca
94%
FFinlandia
94%
IIslandia
91%
NNoruega
91%
EEstados Unidos
90%
SSuecia
90%
AAlemania
86%
LLetonia
82%
ZZambia
82%
JJapón
81%
YYemen
81%
OOmán
79%
KKazajistán
78%
MMongolia
77%
PPolonia
77%
BBielorrusia
76%
UUcrania
69%
HHungría
65%
GGeorgia
60%
TTurkmenistán
56%
VVaticano
44%

Distribución de puntuación

Porcentaje por número respondido

Porcentaje de gente con cada puntuación

Historial de tus puntuaciones

No has intentado esta prueba.